| 000 | 00899nam a2200337 a 4500 | ||
|---|---|---|---|
| 003 | AR-BaBNM | ||
| 005 | 20251128205850.0 | ||
| 008 | 082120s2002 ||||||||||||||000 | spa|| | ||
| 020 | _a950-751-169-5 | ||
| 040 | _cAR-BaBNM | ||
| 100 | 1 | _aEckhart, Meister | |
| 245 | 0 | 0 |
_aLa defensa _bante la acusación de herejía |
| 260 |
_aBuenos Aires _bAlmagesto _c1998 |
||
| 300 | _a101 p. | ||
| 500 | _aNotas p. 97-101 | ||
| 650 | 4 | _aHISTORIA MEDIEVAL | |
| 650 | 4 | _aHISTORIA | |
| 650 | 4 | _aRELIGION | |
| 650 | 4 | _aCRISTIANISMO | |
| 650 | 4 | _aSISTEMAS RELIGIOSOS | |
| 650 | 4 | _aSOCIOLOGIA DE LA RELIGION | |
| 650 | 4 | _aHISTORIA DE LAS RELIGIONES | |
| 650 | 4 | _aMISTICISMO | |
| 650 | 4 | _aDOCTRINAS RELIGIOSAS | |
| 650 | 4 | _aMOVIMIENTOS RELIGIOSOS | |
| 650 | 4 | _aCONFLICTO RELIGIOSO | |
| 653 | _aINQUISICION | ||
| 700 | 1 |
_aBlakney, Raymond B. _eprologuista |
|
| 942 | _cBK | ||
| 998 | _cMariana | ||
| 999 |
_c13071 _d13071 |
||